| 000 | 00813nam a22002657a 4500 | ||
|---|---|---|---|
| 003 | OSt | ||
| 005 | 20220924113642.0 | ||
| 006 | a|||||r|||| 00| 0 | ||
| 007 | ta | ||
| 008 | 220923b |||||||| |||| 00| 0 eng d | ||
| 024 | _a149591 | ||
| 037 | _cGeneral Books | ||
| 040 |
_aARTS _cARTS _beng |
||
| 041 |
_2eng _aeng |
||
| 082 | _aY1:4:62t687:N59, J9 (906) | ||
| 110 |
_aGreat Britain,Colonial Office _910985 |
||
| 245 | 0 | _aRecord of proceedings and evidence in the inquiry into the death of eleven Mau detainees at Hole Camp in Kenya | |
| 260 |
_aNA _bNA _c1959 |
||
| 300 | _ap. | ||
| 490 | _aCommand papers; 795 | ||
| 650 | _aSOCIOLOGY | ||
| 700 | _aGreat Britain,Colonial Office | ||
| 942 |
_hY1:4:62t687:N59, J9 (906) _cGB _2CC |
||
| 999 |
_c390335 _d390335 |
||